El camino de Santiago.

Saved in:
Bibliographic Details
Main Author: Carpentier, Alejo, 1904-
Format: Book
Language:Spanish
Published: Buenos Aires : Galerna, 1967.
LEADER 00642nam a22001811 4500
001 c000209684
003 CARM
005 20021125002200.0
008 870210s1967 ag 1 spa d
019 1 |a 5228600  |5 LACONCORD2021 
035 |a (OCoLC)59025383  |5 LACONCORD2021 
100 1 |a Carpentier, Alejo,  |d 1904- 
245 1 0 |a El camino de Santiago. 
260 |a Buenos Aires :  |b Galerna,  |c 1967. 
852 8 |b CARM  |h A2:AD24H0  |i A03035  |p 0283947  |f BK 
082 0 4 |a 863.6 
999 f f |i 9e39bac7-2f84-5897-a800-9c8552e6be34  |s 8c61aef7-d861-5f1d-bcad-95d3156bf21d 
952 f f |p Can circulate  |a CAVAL  |b CAVAL  |c CAVAL  |d CARM 1 Store  |e A03035  |f A2:AD24H0  |h Other scheme  |i book  |m 0283947